Van Gogh drawings

Gespeichert in:
Bibliographische Detailangaben
1. Verfasser: Gogh, Vincent van (VerfasserIn)
Format: Buch
Sprache:Englisch
Veröffentlicht: Nueva York Dover 1987
Schlagworte:
Tags: Tag hinzufügen
Keine Tags, Fügen Sie den ersten Tag hinzu!

MARC

LEADER 00000nam a2200000 a 4500
001 UCV8598
003 CL-VaPUC
008 911017e19870000US |||||||||||||||||eng|d
082 0 4 |a 741.092  |b GOG  |2 21 
100 0 |a Gogh, Vincent van  |e author  |9 266905 
245 1 0 |a Van Gogh drawings 
300 |a 43 p 
942 |c BK 
945 |d 19911017 00:00:00 
260 |a Nueva York  |b Dover  |c 1987 
600 0 7 |a GOGH, VINCENT VAN  |2 CL-VaPUC  |9 266905 
650 7 |a DIBUJO HOLANDES  |2 CL-VaPUC  |9 266906 
650 7 |a DIBUJOSIGLO 19  |2 CL-VaPUC  |9 266907 
583 |a last modification  |c 19911017 00:00:00  |k Rodrigo Vera 
999 |c 214088  |d 214086 
952 |0 0  |1 0  |4 0  |6 741_092000000000000_GOG_1987  |7 0  |8 P  |9 197142  |a BIBARQ  |b BIBARQ  |d 2019-11-14  |i 2648571  |o 741.092 GOG 1987  |p 2648571  |r 2025-01-20  |w 2019-11-14  |y BK  |k ARQ